Baseball Positions by Abbreviation - Statistics

General Stats
  • This quiz has been taken 58 times
  • The average score is 9 of 10
Answer Stats
Hint Answer % Correct
Catcher C
100%
Pitcher P
100%
Center Field CF
91%
Designated Hitter DH
91%
Left Field LF
91%
Right Field RF
91%
Shortstop SS
91%
First Base 1B
89%
Second Base 2B
89%
Third Base 3B
89%
No matching quizzes found
Score Distribution
Percent of People with Each Score
Percentile by Number Answered
Your Score History
You have not taken this quiz